000 00287nam a2200109Ia 4500
001 1264782
005 20260417141952.0
008 260417s9999 xx 000 0 und d
020 _a9786051858005
245 0 _aYahya Kemal'e Veda
_cAbdülhak Şinasi Hisar
260 _bEverest Yayınları
999 _c1264782
_d1264782